Classifica Scarpa d'Oro 2016 - Statistics

Statistiche generali
  • Questo quiz è stato fatto 34 volte
  • Il punteggio medio è 12 su 15
Statistiche sulle risposte
Gol Coefficiente UEFA Punti Nazione Squadra Calciatore % Corretto
35 x2 70 Portogallo Real Madrid Cristiano Ronaldo
100%
36 x2 72 Argentina Napoli Gonzalo Higuaín
100%
26 x2 52 Argentina Barcellona Lionel Messi
100%
40 x2 80 Uruguay Barcellona Luis Suárez
100%
38 x1,5 57 Svezia Paris Saint-Germain Zlatan Ibrahimović
100%
25 x2 50 Inghilterra Tottenham Harry Kane
97%
24 x2 48 Inghilterra Leicester City Jamie Vardy
97%
24 x2 48 Francia Real Madrid Karim Benzema
97%
30 x2 60 Polonia Bayern Monaco Robert Lewandowski
97%
24 x2 48 Argentina Manchester City Sergio Agüero
97%
24 x2 48 Brasile Barcellona Neymar
87%
35 x1,5 52,5 Israele Maccabi Tel Aviv Eran Zahavi
47%
32 x2 64 Brasile Benfica Jonas
40%
26 x2 52 Francia / Gabon Borussia Dortmund Pierre-Emerick Aubameyang
37%
27 x2 54 Algeria Sporting Lisbona Islam Slimani
23%
Nessun quiz corrispondente trovato
Distribuzione punteggi
Percentuale di utenti per punteggio
Percentile per numero di risposta
I tuoi punteggi nel tempo
Non hai fatto questo quiz